Central Library OPAC University of Rajshahi

সমুদ্রের চোখ ঝরায় শিশির / (Record no. 48199)

MARC details
000 -LEADER
fixed length control field 00843nam a22002297a 4500
001 - CONTROL NUMBER
control field 48199
003 - CONTROL NUMBER IDENTIFIER
rucl marc code BD-RjUL
005 - DATE AND TIME OF LATEST TRANSACTION
control field 20211209054458.0
008 - FIXED-LENGTH DATA ELEMENTS--GENERAL INFORMATION
fixed length control field 160813m19991996bg ||||| |||| 00| 0 ben d
020 ## - INTERNATIONAL STANDARD BOOK NUMBER
International Standard Book Number 9847140030
Terms of availability : TK. 50.00
035 ## - SYSTEM CONTROL NUMBER
System control number (BD-RjUL)48318
040 ## - CATALOGING SOURCE
Original cataloging agency BD-RjUL
Language of cataloging ben
Transcribing agency BD-RjUL
Modifying agency BD-RjUL
041 ## - LANGUAGE CODE
Language code of text/sound track or separate title ben
082 ## - DEWEY DECIMAL CLASSIFICATION NUMBER
Edition number 23
Classification number 891.441
Author mark and year BAS 1999
100 ## - MAIN ENTRY--PERSONAL NAME
Personal name বারী, এম. এ.
9 (RLIN) 146009
245 ## - TITLE STATEMENT
Title সমুদ্রের চোখ ঝরায় শিশির /
Statement of responsibility, etc. এম. এ. বারী
260 ## - PUBLICATION, DISTRIBUTION, ETC. (IMPRINT)
Place of publication, distribution, etc. ঢাকা :
Name of publisher, distributor, etc. মুক্তাঙ্গন,
Date of publication, distribution, etc. ১৯৯৯,
300 ## - PHYSICAL DESCRIPTION
Pagination ৬৮ পৃ. ;
Size ২৪ সেমি.
650 ## - SUBJECT ADDED ENTRY--TOPICAL TERM
Topical term or geographic name as entry element বাংলা কবিতা
General subdivision ইতিহাস ও সমালোচনা
9 (RLIN) 146010
Topical term or geographic name as entry element Bengali Poetry
General subdivision History and Criticism
9 (RLIN) 146011
942 ## - ADDED ENTRY ELEMENTS (KOHA)
Source of classification or shelving scheme Dewey Decimal Classification
Koha item type Books
Holdings
Lost status Source of classification or shelving scheme Damaged status Not for loan Collection code Permanent Location Current Location Shelving location Date acquired Source of acquisition Cost, normal purchase price Total Checkouts Full call number Date last seen Copy number Koha item type
  Dewey Decimal Classification     Non-fiction Central Library, University of Rajshahi Central Library, University of Rajshahi   18/09/2000 Mamun Book Bitan, Nibojpur 50.00   B 891.441 BAS 1999 13/08/2016 C-2 Books